ՀՀ Գիտությունների ազգային ակադեմիայի հիմնարար գիտական գրադարան  =   Fundamental Scientific Library of NAS RA

Catalina / (Record no. 294731)

MARC details
000 -LEADER
fixed length control field 00552nam a2200193 a 4500
001 - CONTROL NUMBER
control field 000814088
003 - CONTROL NUMBER IDENTIFIER
control field AM-YeHGA
005 - DATE AND TIME OF LATEST TRANSACTION
control field 20250618073932.0
008 - FIXED-LENGTH DATA ELEMENTS--GENERAL INFORMATION
fixed length control field 910509s1991 fr 000 1 fre d
040 ## - CATALOGING SOURCE
Original cataloging agency AM-YeHGA
041 1# - LANGUAGE CODE
Language code of text/sound track or separate title fre
Language code of original eng
090 ## - LOCALLY ASSIGNED LC-TYPE CALL NUMBER (OCLC); LOCAL CALL NUMBER (RLIN)
-- 296420
100 1# - MAIN ENTRY--PERSONAL NAME
Personal name Մոեմ, Սոմերսեթ,
Dates associated with a name 1874-1965
9 (RLIN) 8655
245 10 - TITLE STATEMENT
Title Catalina /
Statement of responsibility, etc. W. Somerset Maugham ; Traduit de l'anglais par Helene Claireau.
260 ## - PUBLICATION, DISTRIBUTION, ETC.
Place of publication, distribution, etc. Paris :
Name of publisher, distributor, etc. Plon,
Date of publication, distribution, etc. 1991.
300 ## - PHYSICAL DESCRIPTION
Extent 256 p. ;
Dimensions 18 cm.
650 14 - SUBJECT ADDED ENTRY--TOPICAL TERM
Topical term or geographic name entry element English literature
700 1# - ADDED ENTRY--PERSONAL NAME
Personal name Claireau, Helene
Relationship trl
Holdings
Withdrawn status Lost status Source of classification or shelving scheme Damaged status Not for loan Collection Home library Current library Date acquired Total checkouts Full call number Barcode Date last seen Price effective from Koha item type Public note
    Universal Decimal Classification     Merdinian Individual Collection Fundamental Scientific Library Fundamental Scientific Library 29/12/2016   Merd/2740 FL0196176 29/12/2016 29/12/2016 Գրքեր / Books ILL Non-Circ.


ՀՀ ԳԱԱ հիմնարար գիտական գրադարան
ՀՀ,Երևան 0019
Մարշալ Բաղրամյան 24/6
հեռախոս:(374-10) 52-47-50
Հետադարձ կապ

All site content, except where otherwise noted, is licensed under a
Creative Commons License